000 004660000a22001930004500
001 004626
003 MACL
005 20151205162126.0
008 151205b xxu||||| |||| 00| 0 eng d
040 _aMACL
_cMACL
041 _aEnglish
082 _a742
100 _aSalwi, Dilip M
_95544
245 _aOur Guest Comet Dipu
_cDilip M Salwi
260 _aChildren's Book Trust,
_c2004
350 _a25
650 _aChildren's Book
_919389
942 _k742
_cBK
_2ddc
999 _c16513
_d16513